Life by the Spirit. (Record no. 5739)

000 -LEADER
fixed length control field 00598nam a2200181 a 4500
001 - CONTROL NUMBER
control field :::00003481$&:&@@
003 - CONTROL NUMBER IDENTIFIER
control field OkBaRHE
005 - DATE AND TIME OF LATEST TRANSACTION
control field 20000607103306.0
008 - FIXED-LENGTH DATA ELEMENTS--GENERAL INFORMATION
fixed length control field s1963 j 000 0 eng u
040 ## - CATALOGING SOURCE
Transcribing agency
100 1# - MAIN ENTRY--PERSONAL NAME
Personal name Wood, A. Skevington (Arthur Skevington).
245 10 - TITLE STATEMENT
Title Life by the Spirit.
260 ## - PUBLICATION, DISTRIBUTION, ETC. (IMPRINT)
Place of publication, distribution, etc Grand Rapids, MI., :
Name of publisher, distributor, etc Zondervan Publishing House
Date of publication, distribution, etc c1963
300 ## - PHYSICAL DESCRIPTION
Extent 144 p. ;
Dimensions 21 cm.
650 ## - SUBJECT ADDED ENTRY--TOPICAL TERM
Topical term or geographic name as entry element Bible New Testament Romans 8
General subdivision Devotional Literature
942 ## - ADDED ENTRY ELEMENTS (KOHA)
Source of classification or shelving scheme
Koha item type Books
Copies
Withdrawn status Lost status Copy number Not for loan Date last seen Price effective from Permanent Location Source of classification or shelving scheme Barcode Date acquired Damaged status Shelving location Full call number Koha item type
  1 2018-03-282010-04-14RHEMA Bible Training College 34812010-04-14 General StacksBS 2665.5 .W6Books